| 000 | 00515nam a2200181 u 4500 | ||
|---|---|---|---|
| 005 | 20210223132110.0 | ||
| 008 | 130617s2004 r 000 0 eng d | ||
| 020 | _a9706288880 | ||
| 035 | _aUPN01000191602 | ||
| 049 | _aCG | ||
| 050 | 4 |
_aJC599 M6 _bP7.6 |
|
| 245 | 0 | 0 | _aPrograma Nacional de Derechos Humanos. |
| 260 |
_aMéxico : _bSEGOB, _c2004. |
||
| 300 |
_a325 p. + _e1 CD-ROM ; 4 3/4 plg. |
||
| 650 | 4 |
_aDERECHOS HUMANOS - _xPOLITICA GUBERNAMENTAL - _zMEXICO _920954 |
|
| 905 | _aLibro | ||
| 999 |
_c163705 _d163705 |
||